Nomi dei calciatori - Quiz n°63 - Statistics

Statistiche generali
  • Questo quiz è stato fatto 30 volte
  • Il punteggio medio è 9 su 10
Statistiche sulle risposte
Hint Risposta % Corretto
Kean Moise
100%
Zaniolo Nicolò
100%
Candreva Antonio
92%
Radovanović Ivan
88%
Mata Juan
88%
Sane Leroy
85%
Pellegri Pietro
81%
Mac Allister Alexis
77%
Drinkwater Danny
73%
Benteke Christian
65%
Nessun quiz corrispondente trovato
Distribuzione punteggi
Percentuale di utenti per punteggio
Percentile per numero di risposta
I tuoi punteggi nel tempo
Non hai fatto questo quiz